000 00255as aa2200097a 44500
090 _aSERIADAS
_b00483
245 1 0 _aOccasional Papers of the Museum of Zoology
260 _bUniversity of Michigan Press
_aEstados Unidos
041 0 _aInglés
942 _cREVISTA
999 _c17024
_d17024